Programa cooperativo de formación de educadores de adultos.

Gardado en:
Detalles Bibliográficos
Autor Principal: García-Huidobro, Juan Eduardo (autor)
Outros autores: Ortiz, Iván (autor) (autor)
Formato: Libro
Idioma:Lingua castelá
Temas:
Etiquetas: Engadir etiqueta
Sen Etiquetas, Sexa o primeiro en etiquetar este rexistro!

MARC

LEADER 00000cam^a2200000uu^4500
001 000469502
005 20250521000000.0
008 050901s1984^^^^^^^^^^^^rd^r^^000^0^spa^d
009 20260310124536.894
035 |a FCE 000012257 
035 |a FCE 010235 
037 |a Acervo ITESO - Biblioteca 
041 |a spa 
082 0 4 |a 374.013  |b GARp 
100 |a García-Huidobro, Juan Eduardo  |e (autor) 
245 1 0 |a Programa cooperativo de formación de educadores de adultos. 
264 |a Chile :  |b CIDE,  |c 1984. 
300 |a 50 p. 
336 |a texto  |b txt  |2 rdacontenido 
337 |a sin mediación  |b n  |2 rdamedio 
338 |a volumen  |b nc  |2 rdasoporte 
649 |a XX 
650 |a Educación popular 
650 |a Educación de adultos 
650 |a Educación no formal 
650 |a Experiencia educativa 
650 |a Formación de docentes 
650 |a América Latina 
700 |a Ortiz, Iván  |e (autor) 
910 |a Fondo Centro de Estudios Educativos 
920 |a Impresos - Libros 
930 |a Fondos Especiales 
905 |a 133 
901 |a ALE010235  |b IT2  |c CEE  |u 20250521 
902 |a https://opac.biblio.iteso.mx/vufind/Record/000469502